Obiekty układu słonecznego - Statystyki

Ogólne statystyki
  • Ten quiz został rozwiązany 759 razy
  • Średni wynik to 10 z 14
Statystyki odpowiedzi
Obrazkowy Odpowiedź % Poprawnych
Słońce
99%
Ziemia
99%
Jowisz
98%
Saturn
98%
Mars
97%
Neptun
97%
Wenus
95%
Uran
94%
Merkury
92%
Pluton
86%
Ceres
20%
Eris
12%
Makemake
10%
Haumea
8%
Nie znaleziono quizów pasujących do podanych kryteriów
Rozkład punktacji
Procent ludzi z każdym wynikiem
Percentyl według liczby udzielonych odpowiedzi
Twoja historia wyników
Nie rozwiązałeś tego quizu